| 000 | 00689nam a22002297a 4500 | ||
|---|---|---|---|
| 003 | UA-OsUOA | ||
| 001 | 42954 | ||
| 007 | ta | ||
| 008 | 20061201b un ||||| |||| 00| 0 ukr d | ||
| 100 | _aСтральцоу М. | ||
| 090 |
_a82.09(476) _bС83 |
||
| 942 | _cBK | ||
| 040 |
_aUA-OsUOA _brus _cUA-OsUOA _dUA-OsUOA |
||
| 245 |
_aВ поле зрения _bЛитературно-критические артикулы и эсе |
||
| 300 | _a140 с. | ||
| 955 | _a3 | ||
| 041 | _arus | ||
| 080 | _a82.09(476) | ||
| 260 |
_aМінск _bМастацкая литература _c1976 |
||
| 650 | 7 |
_a82 Література. Літературознавство _2UDC |
|
| 999 |
_c329086 _d329086 |
||